| 000 | 00772cam a22002413a 4500 | ||
|---|---|---|---|
| 001 | 17719 | ||
| 003 | PGUSA | ||
| 005 | 20140828083358.0 | ||
| 008 | 060208s2006||||xxu|||||s|||||000 | eng d | ||
| 040 |
_aPGUSA _beng |
||
| 042 | _adc | ||
| 050 | 4 | _aZ | |
| 100 | 1 |
_aFirkins, Ina Ten Eyck, _d1866-1937 |
|
| 245 | 1 | 0 |
_aHenrik Ibsen : _bA Bibliography of Criticism and Biography with an Index to Characters _h[electronic resource] / _cIna Ten Eyck Firkins |
| 260 |
_bProject Gutenberg, _c2006 |
||
| 506 | _aPublic domain in the USA. | ||
| 516 | _aElectronic text | ||
| 653 | _aIbsen, Henrik, 1828-1906 -- Bibliography | ||
| 653 | _aNorwegian drama -- Bibliography | ||
| 830 | 0 |
_aProject Gutenberg _v17719 |
|
| 856 | 4 | 0 | _uhttp://www.gutenberg.org/ebooks/17719 |
| 942 | _cEB | ||
| 999 |
_c246974 _d246974 |
||